[Event "Nordic Youth Chess Championship"]
[Site "?"]
[Date "2020.02.16"]
[Round "6.11"]
[White "Fjallheim, Leif Reinert"]
[Black "Briem, Stephan"]
[Result "0-1"]
[BlackElo "2197"]
[WhiteElo "1996"]
[LiveChessVersion "1.4.8"]

1. Nf3 f5 {[%clk 1:30:44]} 2. d4 {[%clk 1:30:32]} Nf6 {[%clk 1:31:01]} 3. Bf4
{[%clk 1:30:12]} e6 {[%clk 1:31:10]} 4. h3 {[%clk 1:29:48]} Be7 {[%clk 1:31:33]}
5. e3 {[%clk 1:30:14]} O-O {[%clk 1:31:53]} 6. Be2 {[%clk 1:29:58]} b6
{[%clk 1:32:12]} 7. c4 {[%clk 1:29:50]} Bb7 {[%clk 1:32:22]} 8. Nbd2
{[%clk 1:28:40]} Ne4 {[%clk 1:31:18]} 9. O-O {[%clk 1:26:38]} d6 {[%clk 1:31:06]}
10. Nxe4 {[%clk 1:25:46]} Bxe4 {[%clk 1:25:32]} 11. Nd2 {[%clk 1:24:31]} Bb7
{[%clk 1:21:49]} 12. Bf3 {[%clk 1:23:44]} Qc8 {[%clk 1:19:44]} 13. Re1
{[%clk 1:21:01]} Nd7 {[%clk 1:17:52]} 14. Bg3 {[%clk 1:20:11]} c5
{[%clk 1:12:58]} 15. Bxb7 {[%clk 1:12:52]} Qxb7 {[%clk 1:13:09]} 16. Qf3
{[%clk 1:12:03]} Qc7 {[%clk 1:08:47]} 17. Rad1 {[%clk 1:09:06]} Rad8
{[%clk 1:07:14]} 18. b3 {[%clk 1:07:19]} Kh8 {[%clk 1:06:32]} 19. Nb1
{[%clk 1:06:15]} a6 {[%clk 0:50:59]} 20. Nc3 {[%clk 1:02:55]} g5 {[%clk 0:47:16]}
21. Bh2 {[%clk 1:01:58]} Rf7 {[%clk 0:46:46]} 22. Qh5 {[%clk 0:55:45]} Rg7
{[%clk 0:42:55]} 23. e4 {[%clk 0:52:47]} f4 {[%clk 0:40:49]} 24. Qg4
{[%clk 0:50:25]} cxd4 {[%clk 0:36:42]} 25. Rxd4 {[%clk 0:49:49]} Bf6
{[%clk 0:35:08]} 26. e5 {[%clk 0:48:22]} Bxe5 {[%clk 0:32:32]} 27. Rd3
{[%clk 0:44:53]} Nc5 {[%clk 0:32:02]} 28. Rf3 {[%clk 0:45:04]} Qf7
{[%clk 0:31:41]} 29. b4 {[%clk 0:44:56]} h5 {[%clk 0:31:50]} 0-1

[Event "Nordic Youth Chess Championship"]
[Site "?"]
[Date "2020.02.16"]
[Round "6.12"]
[White "Tummasarson, Flovin M."]
[Black "Torngren, Gustav"]
[Result "0-1"]
[BlackElo "2279"]
[WhiteElo "1664"]
[LiveChessVersion "1.4.8"]

1. e4 {[%clk 1:30:57]} g6 {[%clk 1:28:50]} 2. d4 {[%clk 1:30:32]} Bg7
{[%clk 1:29:12]} 3. Nf3 {[%clk 1:29:45]} d6 {[%clk 1:29:32]} 4. Bc4
{[%clk 1:29:24]} e6 {[%clk 1:29:48]} 5. Nc3 {[%clk 1:27:36]} a6 {[%clk 1:30:16]}
6. O-O {[%clk 1:26:56]} b5 {[%clk 1:30:16]} 7. Bb3 {[%clk 1:26:56]} Bb7
{[%clk 1:30:43]} 8. a3 {[%clk 1:24:48]} Nd7 {[%clk 1:30:13]} 9. Re1
{[%clk 1:22:55]} Ne7 {[%clk 1:29:58]} 10. Bg5 {[%clk 1:19:27]} h6
{[%clk 1:30:18]} 11. Bd2 {[%clk 1:18:49]} O-O {[%clk 1:30:33]} 12. Qe2
{[%clk 1:15:18]} Nb6 {[%clk 1:22:38]} 13. Rad1 {[%clk 1:12:56]} Qb8
{[%clk 1:23:05]} 14. e5 {[%clk 1:10:55]} Bxf3 {[%clk 1:23:26]} 15. Qxf3
{[%clk 1:11:03]} d5 {[%clk 1:23:54]} 16. Ne2 {[%clk 1:10:23]} a5 {[%clk 1:21:52]}
17. Qh3 {[%clk 1:09:16]} Kh7 {[%clk 1:22:10]} 18. c3 {[%clk 1:06:58]} Nc4
{[%clk 1:22:35]} 19. Bxc4 {[%clk 1:07:02]} bxc4 {[%clk 1:23:03]} 20. Bc1
{[%clk 1:07:08]} c5 {[%clk 1:22:47]} 21. Kh1 {[%clk 1:02:46]} cxd4
{[%clk 1:10:52]} 22. cxd4 {[%clk 1:02:34]} Nc6 {[%clk 1:11:00]} 23. Nf4
{[%clk 0:59:32]} Qa7 {[%clk 1:10:45]} 24. Qc3 {[%clk 0:58:58]} Rab8
{[%clk 1:10:47]} 25. Re3 {[%clk 0:56:44]} Rb3 {[%clk 1:10:31]} 26. Qd2
{[%clk 0:56:22]} Rfb8 {[%clk 1:10:49]} 27. Rc3 {[%clk 0:54:51]} Qxd4
{[%clk 1:00:43]} 28. Qxd4 {[%clk 0:50:59]} Nxd4 {[%clk 1:01:09]} 29. Rxd4
{[%clk 0:49:21]} Bxe5 {[%clk 1:01:36]} 30. Rxb3 {[%clk 0:49:03]} Rxb3
{[%clk 1:02:03]} 31. Rd1 {[%clk 0:47:57]} Bxb2 {[%clk 1:02:27]} 32. Bxb2
{[%clk 0:45:26]} Rxb2 {[%clk 1:02:55]} 33. Kg1 {[%clk 0:45:13]} g5
{[%clk 1:03:06]} 34. Nh5 {[%clk 0:44:45]} c3 {[%clk 1:03:25]} 0-1